Federer Grand Slam finals opponents - Statistics

General Stats
  • This quiz has been taken 146 times
  • The average score is 27 of 30
Answer Stats
Championship Year Result Answer % Correct
Wimbledon 2014 Loss Novak Djokovic
100%
Wimbledon 2015 Loss Novak Djokovic
100%
US Open 2007 Win Novak Djokovic
100%
US Open 2015 Loss Novak Djokovic
100%
Australian Open 2009 Loss Rafael Nadal
100%
Australian Open 2017 Win Rafael Nadal
100%
Roland Garros 2006 Loss Rafael Nadal
100%
Roland Garros 2007 Loss Rafael Nadal
100%
Roland Garros 2008 Loss Rafael Nadal
100%
Roland Garros 2011 Loss Rafael Nadal
100%
Wimbledon 2006 Win Rafael Nadal
100%
Wimbledon 2007 Win Rafael Nadal
100%
Wimbledon 2008 Loss Rafael Nadal
100%
Australian Open 2010 Win Andy Murray
96%
Wimbledon 2012 Win Andy Murray
96%
US Open 2008 Win Andy Murray
96%
Australian Open 2018 Win Marin Čilić
88%
Wimbledon 2017 Win Marin Čilić
88%
US Open 2009 Loss Juan Martin del Potro
87%
Wimbledon 2004 Win Andy Roddick
86%
Wimbledon 2005 Win Andy Roddick
86%
Wimbledon 2009 Win Andy Roddick
86%
US Open 2006 Win Andy Roddick
86%
US Open 2005 Win Andre Agassi
84%
US Open 2004 Win Lleyton Hewitt
80%
Australian Open 2004 Win Marat Safin
76%
Roland Garros 2009 Win Robin Söderling
74%
Australian Open 2006 Win Márcos Baghdatís
53%
Australian Open 2007 Win Fernando González
50%
Wimbledon 2003 Win Mark Philippoussis
48%
No matching quizzes found
Score Distribution
Percent of People with Each Score
Percentile by Number Answered
Your Score History
You have not taken this quiz